The Physics of metals: (Record no. 7599)
[ view plain ]
| 000 -LEADER | |
|---|---|
| fixed length control field | 00944nac a22002651u 4500 |
| 010 ## - LIBRARY OF CONGRESS CONTROL NUMBER | |
| LC control number | 69010436 |
| 020 ## - INTERNATIONAL STANDARD BOOK NUMBER | |
| International Standard Book Number | 0521071062 |
| 082 00 - DEWEY DECIMAL CLASSIFICATION NUMBER | |
| Classification number | 669.94 |
| Item number | ZIM |
| 090 ## - LOCALLY ASSIGNED LC-TYPE CALL NUMBER (OCLC); LOCAL CALL NUMBER (OCLC) | |
| -- | 7599 |
| -- | 7599 |
| 100 ## - MAIN ENTRY--PERSONAL NAME | |
| Personal name | Ziman, J. M. [ed.] |
| 245 04 - TITLE STATEMENT | |
| Title | The Physics of metals: |
| Statement of responsibility, etc | edited by J. M. Ziman. |
| 260 ## - PUBLICATION, DISTRIBUTION, ETC. (IMPRINT) | |
| Place of publication, distribution, etc | London, |
| Name of publisher, distributor, etc | Cambridge U.P.,c.1969-1975. |
| Date of publication, distribution, etc | c.1969-1975. |
| 300 ## - PHYSICAL DESCRIPTION | |
| Extent | 2 v. |
| Other physical details | plates, illus., port. |
| Dimensions | 24 cm. |
| 500 ## - GENERAL NOTE | |
| General note | Volume 2 edited by P. B. Hirsch. |
| 500 ## - GENERAL NOTE | |
| General note | A festschrift on the occasion of Sir Nevill Mott's 60th birthday. |
| 500 ## - GENERAL NOTE | |
| General note | Distributer: Al-Ahram. |
| 504 ## - BIBLIOGRAPHY, ETC. NOTE | |
| Bibliography, etc | Bibliography: v. 1. p. 409-424. |
| 505 0# - FORMATTED CONTENTS NOTE | |
| Formatted contents note | Electrons.--2. Defects. |
| 511 ## - PARTICIPANT OR PERFORMER NOTE | |
| Participant or performer note | Catalogued By: Mahitab. |
| 650 #0 - SUBJECT ADDED ENTRY--TOPICAL TERM | |
| Topical term or geographic name as entry element | Physical metallurgy. |
| 700 1# - ADDED ENTRY--PERSONAL NAME | |
| Personal name | Ziman, J. M. |
| Fuller form of name | (John M.), |
| Dates associated with a name | 1925- |
| 700 1# - ADDED ENTRY--PERSONAL NAME | |
| Personal name | Mott, N. F. |
| Fuller form of name | (Nevill Francis), |
| Titles and other words associated with a name | Sir, |
| Dates associated with a name | 1905- |
| 700 1# - ADDED ENTRY--PERSONAL NAME | |
| Personal name | Hirsch, P. B. |
| Fuller form of name | (Peter Bernhard) |
| 942 ## - ADDED ENTRY ELEMENTS (KOHA) | |
| Item type | Book - Borrowing |
| Call number prefix | 669.94ZIM |
| Withdrawn status | Item status | Damaged status | Not for loan | Home library | Current library | Shelving location | Date acquired | Source of acquisition | Total Checkouts | Full call number | Barcode | Date last seen | Koha item type |
|---|---|---|---|---|---|---|---|---|---|---|---|---|---|
| Central Library | Central Library | First floor | 31/01/2008 | Purchase | 669.94ZIM | 000009052 | 15/07/2025 | Book - Borrowing |